MDQL
is popping MORE tags! Check the
thread
!
Quizzes
Events
Quiz Creation
Community
Videos
Private Events
Remove Ads
Sign In
Join for FREE
Feedback
Dark Mode
Quiz Categories
Sports
Geography
Music
Movies
Television
Just For Fun
Miscellaneous
History
Literature
Language
Science
Gaming
Entertainment
Religion
Holiday
For Kids
Quiz Lab
Recent
Popular Today
Quiz Kudos Today
Editor Picks
Curator Picks
Quizzes by...
Day
Popularity
Type
Ratings
Length
Year
Community
Subscriptions
Recent Discussions
Orange Saloon
Badges
Playlists
Quests
Create
Leaderboards
Showdown
Live 5
Trivia Bingo
Activity
Puzzle Library
Sporcle Events
Private Events
Virtual Trivia
Globe League
Become a Host
Pub Owners
SporcleCon
Opinionation
Our Games
Videos
Blog
Mobile Apps
Partnerships
Remove Ads and Go Orange
Feedback
Entertainment
Celebrity
Famous
Musical
Broadway
Show
Quote
Comic Books
Anime
Superhero
DC Comics
Marvel
Cartoons
Animation
Entertainment
Celebrity
Famous
Musical
Broadway
Show
Quote
Comic Books
Anime
Superhero
DC Comics
Marvel
Cartoons
Animation
Random Quiz
Search Sporcle
×
Quiz Lab
Quiz Lab
Entertainment
total
Type in answers that appear in a list
Type in answers that appear in a list
Classic
Best Score? Go Orange.
Total Drama Island Trivia Stats
Can you name the Total Drama Island Trivia
By
MitchellDietz10
20m
22 Questions
1,846 Plays
1,846 Plays
1,846 Plays
Comments
Comments
Give Quiz Kudos
Give Quiz Kudos
-
- Ratings
hide this ad
Replay
Link that replays current quiz
Next Quiz
Link to next quiz in quiz playlist
You Got
0%
They Got
Avg Score
90%
Avg Friend Score
Upgrade to see
Score Distribution
Jump to the score distribution portion of the page
Score
0/22
Timer
20:00
1
Play Today
Hint
Answer
% Correct
What two girls are BFFL's?
Sadie Katie
98%
Who is afraid of being berried alive?
Gwen
97.8%
Who claims they are a CIT?
Courtney
97.2%
Who is afraid of chickens?
Tyler
96.9%
Who was the first person eliminated?
Ezekiel
96.3%
What two people form an alliance with Heather?
Beth Lindsay
95.1%
Who is in love with Courtney?
Duncan
94.8%
Who shaves their head in the challenge called 'I Triple Dog Dare You?'
Heather
94.5%
Who is none as Momma's Boy?
DJ
92.1%
Who kisses Heather and, Gwen?
Trent
91.9%
Who wins Total Drama Island?
Owen
91.4%
Hint
Answer
% Correct
Who is eliminated due to their anger management?
Eva
91%
What is the name of the host?
Chris McLane
90.8%
Who kissed Cody on the ear?
Noah
90.5%
Who is afraid of ninja's?
Harold
90.3%
Who are Katie and Sadie in love with?
Justin
90%
Who is in love with Geoff?
Bridgette
89.9%
Who ranks 6th place?
Geoff
81.7%
What competitor is ranked 5th place?
Leshawna
81.6%
Who is eliminanted before Beth?
Cody
79.1%
What is the Chef's first name?
Chef Hatchet
78.9%
What kind of food does Owen befriend?
Mr. Coconut
76.1%
Quiz Playlist
Details
Report
Send in Message
Add To Playlist
Classic:
Type in answers that appear in a list
Last Updated: Feb 16, 2017
Quiz Scoreboard
CHALLENGE
Sign Up to Join the Scoreboard
Show All
Scores
Hide
Comments
May contain spoilers
Recently Published
Street Fighter Characters
by Artimus82
Gaming
60s
9x9 Crossword: Cartoon Network
by jackfrog10
Miscellaneous
3m
College Basketball Coaching Resumes
by pancakes188
Sports
9m
More to Explore
Quiz From the Vault
Featured Blog Post
Where Did the Easter Bunny Come From?
hide this ad
You Might Also Like...
Tags
Drama
island
total
Total Drama
Today's Top Quizzes in Entertainment
Browse Entertainment
hide this ad
Today's Top Quizzes in total
Browse total
Top Contributed Quizzes in Entertainment
1
7-to-1: DC Comics Villains
2
Marvel Characters Bunker
3
Eurovision 2023 Logic Puzzle
4
Dragon Ball Z: Goku's Fights in Order
5
Sorting Pictures: Villains
6
Criteria Quickie: Cartoon Taxonomy II
7
7-to-1: One Piece
8
Mini Trivia Sudoku: Musicals
9
Fictional Villains Letter U Blitz
10
Kamen Rider Motifs
Explore More
Trending Topics
NBA
Disney
Crossword
Kpop
Anime
Harry Potter
Marvel
Soccer
Song
NFL
The Office
Pokémon
Puzzle
WWE
Country
hide this ad
More By:
MitchellDietz10
Quiz
Plays
Rating
Category
Featured
Created
WWE Divas or Womens Champion?
7,376
3.54
Sports
Jun 10, 2019
WWE: Submission Specialist
6,031
4.43
Sports
Feb 20, 2018
Gravity Falls Characters
4,499
3.00
Entertainment
Mar 17, 2014
Spongebob Episode by Picture (Seasons 1-2)
3,925
4.67
Television
Mar 11, 2017
Quick Pick: Walking Dead Antagonists
3,906
3.10
Television
May 2, 2017
Go to Creator's Profile
Score Distribution
Quiz Creator Spotlight
MitchellDietz10
Follow
Send a Message
Quizzes Created
-
Created Quiz Play Count
-
More By This Creator
Popular Quizzes Today
1
Find the US States - No Outlines Minefield
2
Find the Countries of Europe - No Outlines Minefield
3
The Countries of the World
4
Find the US States
5
Risky Map Clicking: Biggest States A-Z
6
US States
7
Popular People in 1961
8
Movies - When Are They Set?
More Entertainment Quizzes
Amp World Members
Quiz Lab
Trending Quizzes
Risky Map Clicking: Least Populous States A-Z
Countries of the World: 200 Million BC
1-10 Letter G Words
Risky Map Clicking: Next State Alphabetically
Adjectives in 80s TV Shows
Recently Updated
Leaping Animals
pecheneg
Reality TV Shows (A-Z)
bhenderson79
Rickey Henderson's Hall of Fame Teammates
pecheneg
Champions League XIs: Arsenal
pecheneg
Quick Pick: Celebrities in WWE's Hall of Fame
aduchscher
A-Z Keypad Blitz II
pecheneg
Multiple Oscar Actors
pecheneg
Mystery Phrase Blitz: Oscar 'Best Actors'
pecheneg
F. Scott Fitzgerald Novels
LTH
Pick 3 Villains
ddd62291
Trending Topics
Marvel
Disney
Harry Potter
Crossword
Kpop
Anime
NBA
Song
NFL
Pokémon
Soccer
Country
Puzzle
WWE
The Office
Your Account Isn't Verified!
In order to create a playlist on Sporcle, you need to verify the email address you used during registration. Go to your
Sporcle Settings
to finish the process.
Report this User
Report this user for behavior that violates our
Community Guidelines
.
Details:
Send Report
Go to the Sporcle.com Mobile Site →
Comments